KOHA-Header-6

Event Success: Maximizing the Business Impact of In-person, Virtual, and Hybrid Experiences (Record no. 13935)

000 -LEADER
fixed length control field 00349nam a22001217a 4500
020 ## - INTERNATIONAL STANDARD BOOK NUMBER
ISBN 9781119817154
082 ## - DEWEY DECIMAL CLASSIFICATION NUMBER
Classification number 394
100 ## - MAIN ENTRY--AUTHOR NAME
Personal name Alon Alroy ; Eran Ben-Shushan & Boaz Katz
245 ## - TITLE STATEMENT
Title Event Success: Maximizing the Business Impact of In-person, Virtual, and Hybrid Experiences
260 ## - PUBLICATION, DISTRIBUTION, ETC. (IMPRINT)
Place of publication USA
Name of publisher Wiley
Year of publication 2022
300 ## - PHYSICAL DESCRIPTION
Number of Pages 257 pages
942 ## - ADDED ENTRY ELEMENTS (KOHA)
Koha item type Books
Holdings
Withdrawn status Lost status Collection code Permanent Location Current Location Shelving location Date acquired Full call number Accession Number Koha item type
    Marketing MAJU MAJU Shelf No.A-3 2024-05-30 394 11023 Books

Powered by Koha